000 00642nam a2200181Ia 4500
008 100920s9999 xx 000 0 und d
082 _b57027
_a891.463.1 थ 90
100 _aकर्णिक मधुमंगेश.
245 _aनैऋत्येकडला वारा !.
260 _bमनोविकास प्रकाशन, मुंबई.
_c1990
300 _a166
_bसाधी
365 _b45
520 _aलघुकथा.
630 _aनैऋत्येकडला वारा !.
650 _aलघुकथा.
730 _aनैऋत्येकडला वारा !.
942 _cBOOK
999 _c700989
_d700986